La edad de un reyno (Record no. 183294)

MARC details
000 -LEADER
campo de control de longitud fija 01078nam a2200217 i 4500
001 - NÚMERO DE CONTROL
campo de control 183294
003 - IDENTIFICADOR DE NÚMERO DE CONTROL
campo de control ES-MaACL
005 - FECHA Y HORA DE LA ÚLTIMA TRANSACCIÓN
campo de control 20250619120847.0
008 - DATOS DE LONGITUD FIJA--INFORMACIÓN GENERAL
campo de control de longitud fija 140206s2006 sp | |||| ||spa d
080 ## - NÚMERO DE LA CLASIFICACIÓN DECIMAL UNIVERSAL
Número de la Clasificación Decimal Universal 929 Sancho (460.16) III (060.64)
080 ## - NÚMERO DE LA CLASIFICACIÓN DECIMAL UNIVERSAL
Número de la Clasificación Decimal Universal 929.731(460.16)"10/12"(060.64)
080 ## - NÚMERO DE LA CLASIFICACIÓN DECIMAL UNIVERSAL
Número de la Clasificación Decimal Universal 94(460.16)"10/12"(060.64)
245 03 - MENCIÓN DEL TÍTULO
Título La edad de un reyno
Resto del título : las encrucijadas de la corona y la diócesis de Pamplona : Sancho el Mayor y sus herederos : el linaje que europeizó los reinos hispanos : epítome : [Baluarte, Pamplona 26 de enero al 30 de abril 2006] /
Mención de responsabilidad, etc. director científico Isidro G. Bango Torviso ; [organiza Fundación para la Conservación del Patrimonio Histórico de Navarra].
260 ## - PUBLICACIÓN, DISTRIBUCIÓN, ETC.
Lugar de publicación, distribución, etc. [Pamplona] :
Nombre del editor, distribuidor, etc. Fundación para la conservación del Patrimonio Histórico de Navarra,
Fecha de publicación, distribución, etc. [2006]
300 ## - DESCRIPCIÓN FÍSICA
Extensión 31 :
Otras características físicas il. col. ;
Dimensiones 24 cm.
600 14 - PUNTO DE ACCESO ADICIONAL DE MATERIA--NOMBRE DE PERSONA
Nombre de persona Sancho
Numeración III
Títulos y otros términos asociados al nombre Rey de Navarra.
9 (RLIN) 154395
651 #4 - PUNTO DE ACCESO ADICIONAL DE MATERIA--NOMBRE GEOGRÁFICO
Nombre geográfico Navarra (Reino)-
Subdivisión general Historia.
9 (RLIN) 9115
700 1# - ENTRADA AGREGADA--NOMBRE PERSONAL
Nombre de persona Bango Torviso, Isidro G.,
Fechas asociadas al nombre 1946-
9 (RLIN) 25200
852 ## - LOCALIZACIÓN
Ubicación ES-MaACL
Número de control de estantería 1522-F-16
Holdings
Estatus retirado Estado de pérdida Estado de daño No para préstamo Colección Biblioteca de origen Biblioteca actual Ubicación en estantería Fecha de adquisición Fuente de adquisición Total de préstamos Signatura topográfica completa Código de barras Visto por última vez Precio de reemplazo Tipo de ítem Koha
        Colección de folletos Biblioteca del Ateneo de Madrid Biblioteca del Ateneo de Madrid Depósito folletos 06/02/2014     1522-F-16 1192645 23/02/2023 23/02/2023 Folleto